Cây có múi Giống và kỹ thuật trồng
Zapisane w:
| 1. autor: | |
|---|---|
| Format: | Książka |
| Język: | Undetermined |
| Wydane: |
Hà Nội
Nông nghiệp
2006
|
| Hasła przedmiotowe: | |
| Etykiety: |
Dodaj etykietę
Nie ma etykietki, Dołącz pierwszą etykiete!
|
| Thư viện lưu trữ: | Trung tâm Học liệu Trường Đại học Cần Thơ |
|---|
| LEADER | 00588nam a2200217Ia 4500 | ||
|---|---|---|---|
| 001 | CTU_128207 | ||
| 008 | 210402s9999 xx 000 0 und d | ||
| 020 | |c 15000 | ||
| 082 | |a 634.3 | ||
| 082 | |b L504 | ||
| 100 | |a Nguyễn, Văn Luật | ||
| 245 | 0 | |a Cây có múi | |
| 245 | 0 | |b Giống và kỹ thuật trồng | |
| 245 | 0 | |c Nguyễn, Văn Luật | |
| 260 | |a Hà Nội | ||
| 260 | |b Nông nghiệp | ||
| 260 | |c 2006 | ||
| 650 | |a Citrus tree | ||
| 650 | |x Vlanting | ||
| 904 | |i Tuyến | ||
| 980 | |a Trung tâm Học liệu Trường Đại học Cần Thơ | ||